000 00795cam a2200289 i 4500
001 4647508
003 OSt
005 20140310182137.0
008 791119s1979 waua 000 0 eng
010 _a 79089442
020 _a0934494002
040 _aDLC
_cDLC
_dDLC
043 _au-nz---
050 0 0 _aDU 405
_b.L56 1979
082 0 0 _aHS 993
_bL63 1979
100 1 _aLinse, Linda.
_915090
245 1 0 _aNew Zealand on a budget /
_cLinda Linse and Gary Cheledinas.
260 _aYakima, Wash. :
_bOdyssey,
_cc1979.
300 _a139 p. :
_bill. ;
_c20 cm.
521 _a
526 _c
651 0 _aNew Zealand
_xGuidebooks.
_915091
700 1 _aCheledinas, Gary,
_ejoint author.
_915092
906 _a7
_bcbc
_corignew
_d2
_eopcn
_f19
_gy-gencatlg
942 _2lcc
_cHS
999 _c9795
_d9795